The noble scholar, jurist, historian


 His Excellency Dr. Abdul Wahhab bin Ibrahim Abu Sulaiman, may Allah have mercy on him.


 He was born in Umm Al-Qura in the year 1356 AH.

أثر معاملة الرسول صلى الله عليه وسلم في نشر الدين الإسلامي / (Record no. 13797)

MARC details
000 -LEADER
fixed length control field 01444cam a22003131i 4500
003 - CONTROL NUMBER IDENTIFIER
control field SA-RiAUC
005 - DATE AND TIME OF LATEST TRANSACTION
control field 20251229104118.0
008 - FIXED-LENGTH DATA ELEMENTS--GENERAL INFORMATION
fixed length control field 251117s2005 su g 00000dara c
020 ## - INTERNATIONAL STANDARD BOOK NUMBER
International Standard Book Number 9789960595955
040 ## - CATALOGING SOURCE
Original cataloging agency SA-JeALM
Language of cataloging ara
Transcribing agency SA-RiAUC
Description conventions rda
050 #4 - LIBRARY OF CONGRESS CALL NUMBER
Item number .S53 2005
082 04 - DEWEY DECIMAL CLASSIFICATION NUMBER
Classification number 239.6
Assigning agency SA-RiAUC
090 ## - LOCALLY ASSIGNED LC-TYPE CALL NUMBER (OCLC); LOCAL CALL NUMBER (RLIN)
Classification number (OCLC) (R) ; Classification number, CALL (RLIN) (NR) 239.6
Local cutter number (OCLC) ; Book number/undivided call number, CALL (RLIN) ش هـ ر
100 1# - MAIN ENTRY--PERSONAL NAME
Personal name الشهري، يحيى بن عبد الله بن يحيى
Relator term مؤلف.
245 10 - TITLE STATEMENT
Title أثر معاملة الرسول صلى الله عليه وسلم في نشر الدين الإسلامي /
Statement of responsibility, etc. تأليف يحيى بن عبد الله الشهري.
250 ## - EDITION STATEMENT
Edition statement الطبعة الأولى.
264 #1 - PRODUCTION, PUBLICATION, DISTRIBUTION, MANUFACTURE, AND COPYRIGHT NOTICE
Place of production, publication, distribution, manufacture الرياض :
Name of producer, publisher, distributor, manufacturer الجمعية العلمية السعوديةللسنة وعلومها.
Date of production, publication, distribution, manufacture, or copyright notice 2008
300 ## - PHYSICAL DESCRIPTION
Extent 101 صفحة ؛
Dimensions 21 سم
336 ## - CONTENT TYPE
Content type term نص
Content type code txt
Source rdacontent
Materials specified كتاب
337 ## - MEDIA TYPE
Media type term بدون وسيط
Media type code n
Source rdamedia
338 ## - CARRIER TYPE
Carrier type term مجلد
Carrier type code nc
Source rdacarrier
500 ## - GENERAL NOTE
General note إهداء من المؤلف يحيى بن عبد الله الشهري بتاريخ 1434/4/22 هـ
600 07 - SUBJECT ADDED ENTRY--PERSONAL NAME
Personal name محمد (صلى الله عليه وسلم)،
Dates associated with a name 53 قبل الهجرة-11 هجري
General subdivision أخلاق
Source of heading or term aucnm
650 #7 - SUBJECT ADDED ENTRY--TOPICAL TERM
Topical term or geographic name entry element أخلاق الرسول
Source of heading or term aucsh
650 #7 - SUBJECT ADDED ENTRY--TOPICAL TERM
Topical term or geographic name entry element السيرة النبوية
Source of heading or term aucsh
650 #7 - SUBJECT ADDED ENTRY--TOPICAL TERM
Topical term or geographic name entry element الدعوة الإسلامية
General subdivision تاريخ
Chronological subdivision عصر صدر الإسلام
Source of heading or term aucsh
942 ## - ADDED ENTRY ELEMENTS (KOHA)
Source of classification or shelving scheme Dewey Decimal Classification
Koha item type Books
Suppress in OPAC No
949 ## - LOCAL PROCESSING INFORMATION (OCLC)
a SA-JeALM
d 251117
u mohamedma123
n 1
Holdings
Withdrawn status Lost status Source of classification or shelving scheme Damaged status Not for loan Home library Current library Date acquired Total checkouts Full call number Barcode Date last seen Price effective from Koha item type
    Dewey Decimal Classification     DR AbdElwahab Library DR AbdElwahab Library 12/29/2025   239.6 ش هـ ر 000022120 12/29/2025 12/29/2025 Books